000 00723nam a22002297a 4500
999 _c11810
_d11810
003 AR-CdUCM
008 190405b ||||| |||| 00| 0 spa d
020 _a9972-764-13-8
040 _aMUNICIPALIDAD PROVINCIAL DEL CUSCO
_cBIBLIOTECA MUNICIPAL DEL CUSCO
082 _aEP / 808.83 /
_bF56
110 _aCorporación gráfica navarrete.
_928585
245 _aEl flautista de Hamelin /
260 _aPerú :
_bCorporación gráfica navarrete,
_c1999.
300 _c17 cm.
440 _aColección ruiseñor.
_929353
500 _aTexto sin numeración.
505 _aContenido :El flautista de Hamelin.
650 _aCuentos
_9217
650 _aHistorietas
_910786
942 _2ddc
_cLIBROS
945 _arum
_d2019-04-05